Завойовники прерій (Запис № 570114)

МАРК-запис
000 -Лідер
fixed length control field 00915 a2200253 4500
003 - Ідентифікатор контрольного номера
control field UA-OsUOA
005 - Дата та час останнього входження (трансакції)
control field 20230206122717.0
008 - Елементи даних фіксованої довжини – загальна інформація
fixed length control field 210129b un ||||| |||| 00| 0 ukr d
020 ## - Міжнародний стандартний книжковий номер (ISBN)
Міжнародний стандартний книжковий номер (ISBN) (НП) 0919452280
040 ## - Джерело каталогізації
Агенція оригінальної каталогізації UA-OsUOA
Мова каталогізації ukr
Агенція, яка здійснювала перезапис UA-OsUOA
Агенція, яка здійснювала модифікацію UA-OsUOA
041 ## - Код мови
Код мови тексту/ звукової доріжки чи окремого заголовка (П) ukr
080 ## - Індекс Універсальної десяткової класифікації
Індекс Універсальної десяткової класифікації (УДК) (НП) 821.161.2
090 ## - Локальний шифр розміщення
Класифікаційний індекс УДК 821.161.2
Авторський знак (НП) С47
100 ## - Основне введення – ім’я особи
Ім’я особи (НП) Славутич Я.
245 ## - Відомості про назву
Назва (НП) Завойовники прерій
Дані про відповідальність (НП) Яр Славутич
246 ## - Інша форма назви
Назва (НП) The Conquerors of the Prairies
250 ## - Відомості про видання (редакцію)
Відомості про видання (редакцію) (НП) 3-тє доп. вид. з англ. пер.
260 ## - Публікація, розповсюдження і т.п. (Вихідні дані)
Ім’я/ наймення видавництва, розповсюджувача і т.п. (П) Едмонтон
Дата публікації, розповсюдження і т.п. (П) 1984
Місце публікації, розповсюдження і т.п. (П) Славута
300 ## - Фізичний опис
Обсяг 128 с.
650 ## - Додаткове предметне введення – тематичний термін
Джерело заголовка чи терміна UDC
Тематичний термін чи географічна назва, як елемент введення (НП) 821 Художня література окремими мовами і мовними сім'ями
942 ## - Додаткові елементи входу (Коха)
Тип елемента Koha Книги
Source of classification or shelving scheme Universal Decimal Classification
955 ## - Код типу видання за змістом
Код типу видання за змістом (НП) Літературно-художні видання
Фонди
Стан вилучень Стан втрат Джерело класифікації або схеми стелажів Стан уражень Не для кредиту Постійне місце розташування Поточне розміщення Дата придбання Інвентарний номер Повний номер виклику Штрих-код Дата останнього перегляду Ціна ефективна від Тип елемента Koha Примітка, призначена для загального доступу Усього замовленно Джерело придбання Вартість, звичайна ціна покупки Вартість, ціна заміни
    Universal Decimal Classification     АБ - Абонемент НБ АБ - Абонемент НБ 23/11/2012 21595 821.161.2 С47 21595 13/04/2022 23/11/2012 Книги з автографом Я. Славутича        
    Universal Decimal Classification     АБ - Абонемент НБ АБ - Абонемент НБ 23/11/2012 52374 821.161.2 С47 52374 05/04/2022 23/11/2012 Книги          
    Universal Decimal Classification     АБ - Абонемент НБ АБ - Абонемент НБ 29/01/2021   821.161.2 С47 163248 05/04/2022 29/01/2021 Книги     №2/29.01.2021 45.00 45.00
    Universal Decimal Classification     Наукова бібліотека ІДУД Наукова бібліотека ІДУД 27/09/2011 2132020 82-1 С47 2132020 14/09/2019 27/09/2011 Книги     241/2011 1.00  
    Universal Decimal Classification     Наукова бібліотека ІДУД Наукова бібліотека ІДУД 11/09/2015 2138369 82-1 С47 2138369 15/09/2019 11/09/2015 Книги     325/2015 1.00